000 00867nam a22002537a 4500
999 _c15110
_d15110
003 MIRAKIL
005 20221220112752.0
008 221220b tu ||||| |||| 00| 0 tur d
020 _a9786250092132
040 _aTR-AnCHP
_btur
_cTR-AnCHP
041 _atur
082 _aCHP 923.2 Kılıçdaroğlu, K.
_bÖ39a 2022
100 _aÖğüt, Ensar
245 _aAkşehir'den Tunceli'ye seyyid Kemal/
_cEnsar Öğüt
250 _a2 bs.
260 _aAnkara:
_bEnsar Öğüt,
_c2022.
_fHermes Tanıtım Ofset.
300 _a199 s.:
_bfotğ.; blg.;
_c22 sm.
504 _aKaynakça vardır.
600 _aKılıçdaroğlu, Kemal
_cCHP Genel Başkanı
_xYaşamöyküsü
600 _aKılıçdaroğlu, Kemal
_cCHP Genel Başkanı
_xSoykütüğü
_xBelgeler
650 _aKureşan Ocağı
_xBelgeler
_xTarih
650 _aSiyaset ve yönetim
_xTürkiye
942 _2ddc
_cBKS